On types of scientific inquiry: the role of qualitative reasoning /
Se ilustra el rol de las observaciones de proceso causal, y del razonamiento cualitativo en general, en una serie de conocidos episodios de la historia de la medicina. Se demuestra que se puede obtener un gran nivel de rigurosidad al combinar razonamiento cualitativo, análisis cuantitativo y experim...
Gardado en:
| Autor Principal: | |
|---|---|
| Formato: | Texto |
| Materias: | |
| Etiquetas: |
Engadir etiqueta
Sen Etiquetas, Sexa o primeiro en etiquetar este rexistro!
|
MARC
| LEADER | 00000 a a2200000 04500 | ||
|---|---|---|---|
| 001 | 42025 | ||
| 003 | |||
| 040 | |||
| 100 | |a Freedman, David A. | ||
| 245 | |a On types of scientific inquiry: |b the role of qualitative reasoning / |c David A. Freedman | ||
| 520 | |a Se ilustra el rol de las observaciones de proceso causal, y del razonamiento cualitativo en general, en una serie de conocidos episodios de la historia de la medicina. Se demuestra que se puede obtener un gran nivel de rigurosidad al combinar razonamiento cualitativo, análisis cuantitativo y experimentos cuando son factibles. También se plantea que es posible realizar un gran trabajo por medio de la detección de anomalías y el intento de comprensión de las mismas. | ||
| 590 | |a EFU/SETIEMBRE2011 | ||
| 650 | |a 1.METODOS DE INVESTIGACION | ||
| 650 | |a 2.CIENCIA POLITICA | ||
| 650 | |a 3.ANALISIS HISTORICO | ||
| 650 | |a 4.EPISTEMOLOGIA | ||
| 650 | |a 5.CIENCIAS SOCIALES | ||
| 773 | |g páginas 221-236 | ||
| 999 | |c 27044 |d 27044 | ||
| 773 | 0 | |0 188 |9 3542 |a Brady, Henry E. |b 2° edición |d Lanham, Maryland : Rowman & Littlefield Publishers |o 13513 |t Rethinking social inquiry: |w (cru CRAI/IIS)42018 |z 978-1-4422-0343-3 | |



